书目信息 |
| 题名: |
2016-2020《中华人民共和国国民经济和社会发展第十三个五年规划纲要》解释材料
|
|
| 作者: | ;全国人大常委会 , 国家发展和改革委员会 编写 | |
| 分册: | ||
| 出版信息: | 北京 中国计划出版社 2016 |
|
| 页数: | 135,15,222页 | |
| 开本: | 26cm | |
| 丛书名: | ||
| 单 册: | ||
| 中图分类: | F123.399 | |
| 科图分类: | ||
| 主题词: | 国民经济计划--guo min jing ji ji hua--五年计划--中国--2016-2020--学习参考资料 | |
| 电子资源: | ||
| ISBN: | 978-7-5182-0407-6 | |
| 000 | 01253nam0 22002411 450 | |
| 001 | 0124140142 | |
| 005 | 20170324140142.0 | |
| 010 | @a978-7-5182-0407-6@dCNY98.00 | |
| 100 | @a20160504d2016 em y0chiy50 ea | |
| 101 | 0 | @achi |
| 102 | @aCN@b110000 | |
| 105 | @aa z 000yy | |
| 106 | @ar | |
| 200 | 1 | @a2016-2020《中华人民共和国国民经济和社会发展第十三个五年规划纲要》解释材料@92016-2020zhong hua ren min gong he guo guo min jing ji he she hui fa zhan di shi san ge wu nian gui hua gang yao jie shi cai liao@f全国人大财政经济委员会,国家发展和改革委员会编写 |
| 210 | @a北京@c中国计划出版社@d2016 | |
| 215 | @a135,15,222页@c照片@d26cm | |
| 330 | @a本书为全国人大财政经济委员会、国家发展和改革委员会首次编写,书中对“十三五”规划《纲要草案》进行了权威解释,并邀请国家“十三五”规划委员会部分专家撰写寄语,供社会各界人士学习理解《纲要》参考。“十三五”宏伟蓝图、重大举措、相关知识尽在掌中! | |
| 606 | 0 | @a国民经济计划@9guo min jing ji ji hua@x五年计划@y中国@z2016-2020@j学习参考资料 |
| 690 | @aF123.399@v5 | |
| 711 | 02 | @a全国人大常委会@9quan guo ren da chang wei hui@b财政经济委员会@4编写 |
| 711 | 02 | @a国家发展和改革委员会@9guo jia fa zhan he gai ge wei yuan hui@4编写 |
| 801 | 0 | @aCN@bTANGWEI@c20170308 |
| 905 | @b0961826-8@dF123.399@e266@f3 | |
| 2016-2020《中华人民共和国国民经济和社会发展第十三个五年规划纲要》解释材料/全国人大财政经济委员会,国家发展和改革委员会编写.-北京:中国计划出版社,2016 |
| 135,15,222页:照片;26cm |
| ISBN 978-7-5182-0407-6:CNY98.00 |
| 本书为全国人大财政经济委员会、国家发展和改革委员会首次编写,书中对“十三五”规划《纲要草案》进行了权威解释,并邀请国家“十三五”规划委员会部分专家撰写寄语,供社会各界人士学习理解《纲要》参考。“十三五”宏伟蓝图、重大举措、相关知识尽在掌中! |
| ● |
| 相关链接 |
|
|
|
|
正题名:2016-2020《中华人民共和国国民经济和社会发展第十三个五年规划纲要》解释材料
索取号:F123.399/266
 
预约/预借
| 序号 | 登录号 | 条形码 | 馆藏地/架位号 | 状态 | 备注 |
| 1 | 0961826 | 209618261 | 第一样本阅览室/ [索取号:F123.399/266] | 在馆 | |
| 2 | 0961827 | 209618270 | 第一借阅区/ [索取号:F123.399/266] | 在馆 | |
| 3 | 0961828 | 209618289 | 密集书库-海洋学院/ [索取号:F123.399/266] | 在馆 |